[Event "THA-chT"]
[Site "Bangkok"]
[Date "2019.12.16"]
[Round "2.2"]
[White "Kasikam, Thanut"]
[Black "Taulananda, Anon"]
[Result "0-1"]
[WhiteElo "1123"]
[BlackElo "1473"]
[PlyCount "70"]
[EventDate "2019.12.16"]
[EventType "team-swiss"]
[EventRounds "9"]
[EventCountry "THA"]
[SourceTitle "CBM 194 Extra"]
[Source "ChessBase"]
[SourceDate "2020.03.31"]
[SourceVersion "1"]
[SourceVersionDate "2020.03.31"]
[SourceQuality "1"]
[WhiteTeam "Thonburi CC"]
[BlackTeam "Big Rook Chess Academy II"]
[WhiteTeamCountry "THA"]
[BlackTeamCountry "THA"]

1. d4 d5 2. Nf3 e6 3. e3 Nf6 4. Bd3 c5 5. c3 Nc6 6. Nbd2 Bd7 7. 0-0 Bd6 8. Re1 0-0 9. e4 dxe4 10. Nxe4 Nxe4 11. Bxe4 Qc7 12. d5 Ne5 13. Nxe5 Bxe5 14. g3 Rad8 15. c4 b5 16. Qc2 g6 17. Rb1 Qa5 18. Bg5 Rb8 19. b3 Bc3 20. Red1 bxc4 21. Qe2 cxb3 22. axb3 exd5 23. Bxd5 Bf5 24. Bf4 Rbe8 25. Qc4 Bxb1 26. Bh6 Bg7 27. Bxg7 Kxg7 28. Rxb1 Qb4 29. Ra1 Qxc4 30. bxc4 Re7 31. Ra5 Rc8 32. Bf3 Kf6 33. Bg4 Rcc7 34. Kg2 Re4 35. Ra4 Rxg4 0-1